Movie Names By Emojis - Statistics

General Stats
  • This quiz has been taken 59 times
  • The average score is 18 of 45
Answer Stats
Hint Answer % Correct
๐Ÿคก๐ŸŽˆ It
85%
๐Ÿฆ๐Ÿ‘‘๐ŸŒ… Lion King
80%
๐Ÿ‘‘๐Ÿฆ King Kong
74%
๐Ÿšขโ„๏ธ๐Ÿ’” Titanic
74%
๐Ÿš—๐Ÿš™๐Ÿš—๐Ÿš™๐Ÿš—๐Ÿš™๐Ÿš—๐Ÿš™๐Ÿš—๐Ÿš™๐Ÿš—๐Ÿš™๐Ÿš—๐Ÿš™ Cars
72%
๐Ÿผ๐Ÿฅ‹๐Ÿฏ Kung Fu Panda
72%
๐ŸŽˆ๐Ÿ  Up
72%
โฎ๏ธโฑ๏ธ๐Ÿš— Back To The Future
70%
๐Ÿฆ–๐Ÿ๏ธ๐Ÿš Jurassic Park
67%
๐Ÿ€๐Ÿ Ratatouille
67%
๐Ÿ•ท๏ธ๐Ÿง‘ Spider Man
63%
๐ŸฆŠ๐Ÿ‡๐Ÿ‘ฎโ€โ™‚๏ธ๐Ÿ‘ฎ Zootopia
61%
๐Ÿฉ๐Ÿ๐Ÿ• Lady And The Tramp
59%
๐Ÿ˜ด๐Ÿ‘ธ Sleeping Beauty
57%
๐Ÿ”๐ŸŸ๐ŸŸ ๐Ÿ‡ฆ๐Ÿ‡บ Finding Nemo
54%
๐Ÿง™โ€โ™‚๏ธ๐Ÿ’๐ŸŒ‹ Lord of the Rings
48%
๐ŸŒช๏ธ๐Ÿฆˆ Sharknado
46%
๐Ÿƒ๐Ÿผโ€โ™‚๏ธ๐ŸŒณ๐Ÿค Forrest Gump
41%
โœˆ๏ธโœˆ๏ธโœˆ๏ธโœˆ๏ธโœˆ๏ธโœˆ๏ธโœˆ๏ธโœˆ๏ธโœˆ๏ธโœˆ๏ธโœˆ๏ธ Planes
41%
๐Ÿ†โšซ๏ธ The Black Panther
41%
๐Ÿ”๐Ÿ›ฉ๏ธ๐Ÿ”ซ Top Gun
39%
๐ŸŒฆ๏ธ๐Ÿ Cloudy With A Chance Of Meatballs
37%
๐Ÿ‘ฝ๐Ÿ”ซ๐Ÿ•ด Men In Black
37%
๐ŸŒช๏ธ๐ŸŸข๐Ÿฐ The Wizard Of Oz
37%
๐Ÿ’€๐ŸŽธ๐ŸŒธ Coco
35%
๐Ÿป๐Ÿ‡ต๐Ÿ‡ช Paddington
35%
๐Ÿ—บ๏ธ๐Ÿค ๐Ÿ (not a cowboy) Indiana Jones
33%
โ„๏ธโšช๏ธ๐Ÿ‘ธ Snow White
30%
๐Ÿ‘ฝ๐Ÿ”ซ๐ŸŒŒ๐Ÿ—ก๏ธ Star Wars
30%
๐Ÿค–๐ŸŒŽ๐Ÿ’” Wall-E
30%
๐ŸŸข๐Ÿฎ Green Lantern
28%
๐Ÿง‘โ€๐Ÿš€๐Ÿค–โณ Interstellar
26%
๐ŸฅŠ๐Ÿงผ๐Ÿง  Fight Club
24%
๐Ÿงธ๐Ÿ“– Toy Story
24%
๐ŸŒช๏ธ๐Ÿ„๐Ÿ›ป Twister
24%
๐Ÿ›ก๏ธโš”๏ธ๐Ÿ›๏ธ Gladiator
22%
๐Ÿง”๐Ÿช“๐Ÿจ๐Ÿ‘ป The Shining
20%
๐ŸŒŠ ๐ŸŒŠ ๐ŸŒŠ ๐ŸŒŠ ๐ŸŒŠ ๐ŸŒŠ ๐ŸŒŠ ๐ŸŒŠ ๐ŸŒŠ ๐ŸŒŠ ๐ŸŒŠ Ocean's 11
17%
๐Ÿ”จ๐Ÿ›ก๏ธ๐ŸŽธ๐Ÿง”๐Ÿ•ท๏ธ๐Ÿฆ…๐ŸŸข The Avengers
13%
โ›๏ธ๐Ÿงฑ The Minecraft Movie
13%
๐Ÿ—ก๏ธ๐Ÿชจ๐Ÿคด The Sword In The Stone
13%
๐Ÿง‘โ€๐Ÿฆฑ๐Ÿš—๐Ÿ‘ฎโ€โ™‚๏ธ Fast & Furious
9%
๐Ÿ˜ด๐Ÿ”ซ๐Ÿ”๐ŸŒ€ Inception
9%
๐Ÿฐ๐Ÿฅ๐ŸฆŠ๐Ÿป๐ŸŒƒ Five Nights At Freddy's
7%
๐Ÿ˜‡๐Ÿ‘ด๐Ÿป The Godfather
4%
No matching quizzes found
Score Distribution
Percent of People with Each Score
Percentile by Number Answered
Your Score History
You have not taken this quiz